000 02224cam a2200349 a 4500
999 _c522854
_d522854
001 14382822
003 NUST
005 20190124141244.0
008 060519s2006 nyu 000 1 eng
010 _a 2006048135
020 _a0060515228
020 _a9780060515225
035 _a(OCoLC)ocm69241597
035 _a(OCoLC)69241597
038 _aTanveer
040 _aDLC
_cDLC
_dIG#
_dBAKER
_dNPL
_dUPZ
_dYDXCP
_dOCLCQ
_dIXA
_dDLC
050 0 0 _aPR6057.A319
_bF73 2006
082 0 0 _a823.914
_222
_bGAI
100 1 _aGaiman, Neil.
_98006
245 1 0 _aFragile Things :
_bshort fictions and wonders /
_cNeil Gaiman.
250 _a1st ed.
260 _aNew York :
_bWilliam Morrow,
_cc2006.
300 _axxxi, 360 p. ;
_c24 cm.
505 0 0 _gIntroduction --
_tA study in emerald --
_tThe fairy reel --
_tOctober in the chair --
_tThe hidden chamber --
_tForbidden brides of the faceless slaves in the secret house of the night of dread desire --
_tThe flints of memory lane --
_tClosing time --
_tGoing wodwo --
_tBitter grounds --
_tOther people --
_tKeepsakes and treasures --
_tGood boys deserve favors --
_tThe facts in the case of the departure of Miss Finch --
_tStrange little girls --
_tHarlequin valentine --
_tLocks --
_tThe problem of Susan --
_tInstructions --
_tHow do you think it feels? --
_tMy life --
_tFifteen painted cards from a vampire tarot --
_tFeeders and eaters --
_tDiseasemaker's group --
_tIn the end --
_tGoliath --
_tPages from a journal found in a shoebox left in a Greyhound bus somewhere between Tulsa, Oklahoma, and Louisville, Kentucky --
_tHow to talk to girls at parties --
_tThe day the saucers came --
_tSunbird --
_tInventing Aladdin --
_tThe monarch of the glen --
_gCredits.
655 7 _aFantasy fiction.
_2gsafd
_91087
655 7 _aHorror fiction.
_2gsafd
_92950
856 4 2 _3Contributor biographical information
_uhttp://www.loc.gov/catdir/enhancements/fy0910/2006048135-b.html
856 4 2 _3Publisher description
_uhttp://www.loc.gov/catdir/enhancements/fy0910/2006048135-d.html
906 _a7
_bcbc
_corignew
_d1
_eocip
_f20
_gy-gencatlg
942 _2ddc
_cBK